| 000 | 01461nam0a2200337 4500 | ||
|---|---|---|---|
| 001 | RU\NLR\bibl\2028225 | ||
| 005 | 20250616215235.0 | ||
| 010 |
_a978-5-905978-67-8 _91000 |
||
| 021 |
_aRU _b2013-20671 _91455 |
||
| 035 | _a(NLR Aleph) 002016159 | ||
| 090 |
_a4482411 _c4482411 |
||
| 100 | _a20130425d2013 |||y0rusy50 ca | ||
| 101 | 0 | _aukr | |
| 102 | _aRU | ||
| 105 | _aa ||||||||| | ||
| 200 | 1 |
_aБогдан Ступка: обличчям до iсторiï _fВолодимир Мельниченко _g[Нац. культ. центр Украïни в Москвi] |
|
| 210 |
_aМосква _cДомашняя библиотека _d2013 |
||
| 215 |
_a414, [1] с., [8] л. цв. ил. _cпортр. _d22 |
||
| 300 | _aНа 4-й с. обл. авт.: В. Мельниченко, д.ист.н., чл.-кор. АПН Украïни | ||
| 320 | _aДр. кн. авт. на 4-й с. обл. | ||
| 600 | 1 |
_aСтупка _bБ.С. _f1941 - 2012 _gБогдан Сильвестрович _91381157 _3RU\NLR\auth\66579693 |
|
| 686 | _aЩ374.3(2Ук)7-86Ступка | ||
| 686 | _aЩ334.3(2Ук)7-86Ступка | ||
| 700 | 1 |
_aМельниченко _bВ. Ю. _f1946- _gВолодимир Юхимович _4070 |
|
| 702 | 1 |
_aСтупка _bБ. С. _f1941-2012 _gБогдан Сильвестрович _4570 |
|
| 801 | 0 |
_aRU _bNLR _c20130425 _gRCR |
|
| 801 | 1 |
_aRU _bNLR _c20130425 |
|
| 830 | _aпо кн, г.р. по эк | ||
| 942 | _cBOOK | ||
| 980 | _aNB | ||